Divorcio de matrimonio civil y cesación de los efectos civiles del matrimonio religioso / (Registro nro. 33186)
[ vista simple ]
| 000 -CABECERA | |
|---|---|
| Longitud fija campo de control | 00742nam a2200229 a 4500 |
| 003 - • IDENTIFICADOR DELl NÚMERO DE CONTROL | |
| Identificador del número de control | CO-ViMGA |
| 008 - • CÓDIGOS DE INFORMACIÓN DE LONGITUD FIJA | |
| Códigos de información de longitud fija | 141112s2004 ck r 000 u spa d |
| 020 ## - • NÚMERO INTERNACIONAL NORMALIZADO PARA LIBROS | |
| Número Internacional Normalizado para Libros (ISBN) | 9586763844 |
| 040 ## - FUENTE DE LA CATALOGACIÓN | |
| Centro catalogador de origen | CO-ViMGA |
| Lengua de catalogación | spa |
| Centro transcriptor | CO-ViMGA |
| 082 04 - • NÚMERO DE LA CLASIFICACIÓN DECIMAL DEWEY | |
| Número de clasificación (R) | 346.0166 C15d |
| 100 1# - • PUNTO DE ACCESO PRINCIPAL-NOMBRE DE PERSONA | |
| Nombre de persona | Canosa Torrado, Fernando, 1958 - |
| 245 10 - • TITULO PROPIAMENTE DICHO | |
| Título | Divorcio de matrimonio civil y cesación de los efectos civiles del matrimonio religioso / |
| Mención de responsabilidad, etc. | Fernando Canosa Torrado |
| 246 ## - • VARIANTES DE TÍTULO | |
| Título propio / Título en breve | Divorcio |
| 300 ## - • DESCRIPCIÓN FÍSICA | |
| Extensión | 752 p. ; 25 cm |
| 500 ## - • NOTA GENERAL | |
| Nota general | Incluye índice de autores y materias. |
| 650 14 - • PUNTO DE ACCESO ADICIONAL DE MATERIA - TÉRMINO DE MATERIA | |
| Término de materia o nombre geográfico como elemento inicial | Divorcio - Legislación - Colombia. |
| 917 ## - | |
| -- | 2433 20070604 |
| 942 ## - ENTRADA DE ELEMENTOS AGREGADOS (KOHA) | |
| Fuente de clasificaión o esquema | Dewey Decimal Classification |
| Koha [por defecto] tipo de item | LIbro |
| Perdido | Fuente de clasificación o esquema | Estado Físico | No para préstamo | Forma de adquisición | Localización permanente | Localización actual | Fecha adquisición | Serie de enumeración / cronolog&íacute;a | Préstamos totales | Signatura completa | Código de barras | Fecha última consulta | Número de copia | Fecha del precio de reemplazo | Tipo de item de Koha | Localización en estanterías | Note pública |
|---|---|---|---|---|---|---|---|---|---|---|---|---|---|---|---|---|---|
| Sala General | Biblioteca Pública Departamental Eduardo Carranza - Villavicencio | Biblioteca Pública Departamental Eduardo Carranza - Villavicencio | 10/02/2010 | 346.016620 C15d | ECA19620 | 11/26/2024 | Ej.1 | 11/26/2024 | LIbro | General | 14478 | 19001 | ||||||
| Dewey Decimal Classification | Sala Especializada Tercer Piso | Biblioteca Pública Germán Arciniegas - Villavicencio | Biblioteca Pública Germán Arciniegas - Villavicencio | 12/04/2015 | 21/oct/2014 | 346.0166 C15d | 27228 | 04/16/2018 | Ej. 1 | 12/04/2015 | LIbro |